header

Developmental theory and language disorders (Record no. 54133)

MARC details
000 -LEADER
fixed length control field 01362nam a2200349Ia 4500
082 04 - DEWEY DECIMAL CLASSIFICATION NUMBER
Classification number 401/.93
245 00 - TITLE STATEMENT
Title Developmental theory and language disorders
260 ## - PUBLICATION, DISTRIBUTION, ETC. (IMPRINT)
Place of publication Philadelphia, Pa. :
Name of publisher John Benjamins Pub.,
Year of publication 2005.
300 ## - PHYSICAL DESCRIPTION
Number of Pages x, 216 p.
490 1# - SERIES STATEMENT
Series statement Trends in language acquisition research,
650 #0 - SUBJECT ADDED ENTRY--TOPICAL TERM
Topical Term Language acquisition.
Topical Term Language disorders.
700 1# - ADDED ENTRY--PERSONAL NAME
Personal name Fletcher, Paul,
Personal name Miller, Jon F.
856 40 - ELECTRONIC LOCATION AND ACCESS
Uniform Resource Identifier http://site.ebrary.com/lib/rucke/Doc?id=10080010

No items available.

© 2026 Rongo University
Contact us: librarian | system librarian | Rongo university